Paroles - A la faveur de l'automne - Tété - Statistiques

Statistiques générales
  • Ce quiz a été pris 277 fois
  • Le résultat moyen est 130 sur 169
Statistiques - réponses
Paroles % Correct
à
100%
A
100%
de
100%
De
100%
la
100%
là,
100%
faveur
99%
l'automne
99%
l'automne,
99%
je
98%
le
95%
fenêtre
94%
fenêtre,
94%
ma
93%
que
93%
Que
93%
devant
92%
tu
92%
Les
91%
Un,
91%
un
91%
mélancolie
89%
Posté
89%
cette
87%
te
87%
douce
86%
trois,
86%
deux,
85%
âmes
84%
quatre,
84%
comme
83%
guette
83%
peu
83%
avoir
81%
on
81%
On
81%
enfin
78%
n'y
77%
revient
77%
décides
76%
mélodies
76%
regrette
76%
téléphone
76%
esseulées
75%
fredonne
75%
j'attends
74%
mes
74%
songé
74%
daignes
73%
m'appeler,
73%
maintenant
72%
abandonnes
70%
vieilles
65%
tes
64%
nuits
62%
Toi,
62%
Ses
59%
garçonne
57%
Et
56%
et
56%
allures
55%
journées,
54%
super-
54%
redonnes
53%
couleurs
50%
monotonie
49%
Une
49%
Rivé
47%
oh
46%
Oh, oh
46%
oh, oh, oh
46%
Oh, oh, oh
46%
pu
39%
tout
39%
Comment
36%
être
36%
aussi
35%
pluie
35%
temps
35%
goutte
34%
m'avait
34%
scopitone
34%
vérité
34%
ai-je
33%
bête ?
33%
voici
33%
nue
32%
plus
32%
prévenu,
32%
mauvais
31%
perdu
30%
j'aurais
29%
vraiment
28%
mette
27%
s'y
27%
seulement
25%
manquerait
22%
rompiez
21%
Aucun quiz correspondant
Distribution des résultats
% des personnes avec chaque résultat
Percentile par nombre de réponses
Votre historique - résultats
Vous n’avez pas pris ce quiz